Видеоигры по краткому описанию их сюжета или лора 4 - Statistics

General Stats
  • This quiz has been taken 10 times
  • The average score is 6 of 30
Answer Stats
Описание Игра % Correct
Многопользовательский шутер от третьего лица, где игроки десантируются на остров, ищут полезный лут и оружие и отстреливаются от других игроков в режиме battle royale Fortnite
90%
Интерактивное кино и социальный симулятор выживания в зомби-апокалипсисе в комиксной визуальной стилистике, где многое зависит от конкретных решений игрока, которые могут серьёзно повлиять на судьбы персонажей The Walking Dead
70%
Многопользовательская хоррор-игра, где нескольким игрокам-выживальщикам нужно бегать от игрока-маньяка, параллельно чиня генераторы главных ворот, чтобы убежать с местности и не быть принесёнными в жертву нечистой силе Dead by Daylight
60%
Маленький ребёнок в жёлтом дождевике пытается спастись от различных жутких монстров, порождённых его страхами Little Nightmares
60%
Оранжевое существо, похожее на лиса в джинсах и кедах, бегает по опасным линейным лабиринтам в тропиках на океанических островах Crash Bandicoot
50%
Главный герой являлся верным охранником дочери руководителя технократической империи в стимпанк-мире, однако заговорщики в высшей воинской знати его подставили убийством его подопечной, он чуть не был казнён и вынужден был бежать, примкнув к сопротивлению самодержавной власти Dishonored
40%
Самая массовая многопользовательская RPG в мире World of Wacraft
40%
Красавец-полицеский должен выйти на работу в новом городе в свой первый день, однако его план рушится на корню массово начавшимся апокалипсисом по причине фармакологической чумы зомби Resident Evil 2
30%
Игра-головоломка, где размер предметов зависит от их визуальной перспективы относительно игрока-наблюдателя Superliminal
30%
Главный герой контролирует задания супергероев через базу CRM в реальном времени и параллельно выстраивает с ними прочные деловые связи Dispatch
20%
Известная серия музыкальных ритм-симуляторов, для игры в которые нужен отдельный контроллер-гитара Guitar Hero
20%
В реальном смартфоне игрока селится странная сущность, назойливо требующая к себе внимания и постоянно капризничающая Franz
10%
Немого преступного главного героя при ограблении банка подставляет его напарница, его ловят копы и пытаются перевезти в тюрьму, однако происходит взрыв автоконвоя на мосту, и ему с подельником, получившим ожоги рук, удаётся сбежать и залечь на дно, параллельно выстраивая связи в преступном мире большого криминализированного города ради мести Grand Theft Auto III
10%
Монахиня русского православного монастыря, одержимая бесом, пускается в путешествие по опасному заснеженному миру для того, чтобы доставить странное письмо Indika
10%
Зубодробительно сложный платформер, где игроку придётся пройти через множество сложных и запутанных уровней из других популярных игр и где его может убить даже курсор мыши I Wanna Be the Boshy
10%
Трусливый сантехник прибывает в дом с привидениями с пылесосом, дабы очистить место от потусторонних сущностей Luigi's Mansion
10%
Игрок управляет перемещающейся по горизонтальной оси пушкой внизу экрана, и его задача - уничтожить стремительно приближающихся к Земле вирусо-подобных инопланетян Space Invaders
10%
Драматическая история судеб простых людей во времена Первой мировой войны по все стороны конфликта Valiant Hearts: The Great War
10%
Игрок управляет небольшим жёлтым танком в лабиринте с разрушаемыми выстрелами кирпичными стенами, и его задача - защитить серого орла на своей базе от нескольких волн серых танков и БМП Battle City
0%
Ловкая красноволосая девушка-вампир, вооружённая двумя мобильными длинными клинками, убивает солдат-нацистов BloodRayne
0%
Герои классических голливудских боевиков отправляются на суицидальные задания по уничтожению террористов по всему миру ради американской демократии Broforce
0%
Главного героя нанимает анонимная организация для слежки через внешние камеры видеонаблюдения за конкретными людьми под прикрытием "общественной безопасности" Do Not Feed the Monkeys
0%
Два накачанных брата-близнеца-блондина решают навести порядок на криминальных улицах города силовыми методами Double Dragon
0%
Игрок управляет дельфином-телепатом, спасающим Землю от инопланетного вторжения Ecco the Dolphin
0%
Детектива-блондина в радикально красном костюме, прибывшего на место преступления, убивают, и теперь он, будучи призраком, вынужден проводить своих коллег к нужным областям на местности для поиска улик, параллельно решая головоломки Ghost Trick: Phantom Detective
0%
Юмористический абсурдный детективный симулятор со множеством гэгов и отсылок к медиа Jazzpunk
0%
Сатирически-несерьёзная игра, события которой разворачиваются в мегаполисе, захваченном инопланетянами, прибывшими на своём гигантском космическом корабле, нависающим над городом, подобно событиям фильмов "День независимости" и "Район № 9" Saints Row IV
0%
Главный герой одним утром обнаруживает себя запертым в своей съёмной квартире, где начинают происходить странные жуткие вещи, и единственный способ выйти из проклятого места - пролезть через дыру в ванной в отчуждённый мир, населённый лишь монстрами и призраками Silent Hill 4: The Room
0%
Изометрический симулятор управления больницей с огромной долей чёрного юмора на грани фола Theme Hospital
0%
Детектив ищет в лесах пропавшего мальчика по горячим следам The Vanishing of Ethan Carter
0%
No matching quizzes found
Score Distribution
Percent of People with Each Score
Percentile by Number Answered
Your Score History
You have not taken this quiz